Sit up and take notice (Record no. 84193)

MARC details
000 -LEADER
fixed length control field 01103cad a22002175a 4500
001 - CONTROL NUMBER
control field L156896
008 - FIXED-LENGTH DATA ELEMENTS--GENERAL INFORMATION
fixed length control field 120730e2012 xxk 000 0 eng d
035 ## - SYSTEM CONTROL NUMBER
System control number (Sirsi) u156896
041 0# - LANGUAGE CODE
Language code of text/sound track or separate title eng
100 1# - MAIN ENTRY--PERSONAL NAME
Personal name Warren, Laura
110 2# - MAIN ENTRY--CORPORATE NAME
Corporate name or jurisdiction name as entry element Clyde & Co
245 00 - TITLE STATEMENT
Title Sit up and take notice
Remainder of title contractual notices and practices in Qatar
Medium [electronic resource]
260 ## - PUBLICATION, DISTRIBUTION, ETC.
Date of publication, distribution, etc. 2012
520 ## - SUMMARY, ETC.
Summary, etc. This article examines notice provisions that are most likely to be encountered in practice in Qatar, by reference to a main construction contract (although notice provisions may be found in sub-contracts, supply contracts and professional consultancy agreements alike), and looks at the legal issues arising from conflicts involving the failure to give proper contractual notices; FIDIC.
590 ## - LOCAL NOTE (RLIN)
Local note NTK KA
651 #4 - SUBJECT ADDED ENTRY--GEOGRAPHIC NAME
Geographic name Qatar
690 ## - LOCAL SUBJECT ADDED ENTRY--TOPICAL TERM (OCLC, RLIN)
Topical term or geographic name as entry element Contracts
9 (RLIN) 6232
710 ## - ADDED ENTRY--CORPORATE NAME
Corporate name or jurisdiction name as entry element Hall, Alexa
856 40 - ELECTRONIC LOCATION AND ACCESS
Uniform Resource Identifier <a href="https://www.mondaq.com/x/187888/Building+Construction/Sit+Up+And+Take+Notice+Contractual+Notices+And+Practices+In+Qatar&email_access=on">https://www.mondaq.com/x/187888/Building+Construction/Sit+Up+And+Take+Notice+Contractual+Notices+And+Practices+In+Qatar&email_access=on</a>
Public note View the article after free registration at www.mondaq.com
942 ## - ADDED ENTRY ELEMENTS (KOHA)
Suppress in OPAC 0
Holdings
Withdrawn status Lost status Source of classification or shelving scheme Damaged status Not for loan Home library Current library Shelving location Date acquired Total Checkouts Full call number Barcode Date last seen Copy number Price effective from Koha item type
    Dewey Decimal Classification     Virtual Virtual Online 30/07/2012   ONLINE PUBLICATION 156896-2001 06/08/2019 1 06/08/2019 Book